[Event "POL-chT 2nd League"]
[Site "Jastrzebia Gora"]
[Date "2023.09.05"]
[Round "4.65"]
[White "Swiatnicki, Andrzej"]
[Black "Suska, Szymon"]
[Result "0-1"]
[WhiteElo "2016"]
[BlackElo "2058"]
[PlyCount "66"]
[EventDate "2023.09.02"]
[EventType "team-swiss"]
[EventRounds "9"]
[EventCountry "POL"]
[SourceTitle "EXT 2024"]
[Source "ChessBase"]
[SourceDate "2023.10.10"]
[SourceVersion "1"]
[SourceVersionDate "2023.10.10"]
[SourceQuality "1"]
[WhiteTeam "Konin Hetman"]
[BlackTeam "Warszawa Czternastka"]
[WhiteTeamCountry "POL"]
[BlackTeamCountry "POL"]

1. d4 d6 2. Nc3 g6 3. Bg5 Bg7 4. Qd2 Nc6 5. d5 Ne5 6. e4 h6 7. Be3 c5 8. h3 a6 9. f4 Nd7 10. a4 Qb6 11. Rb1 Qb4 12. Nge2 Nb6 13. b3 Nf6 14. a5 Qxa5 15. g4 Nbd7 16. Bg2 Qc7 17. 0-0 Rb8 18. Rbe1 b5 19. e5 dxe5 20. fxe5 Nxe5 21. Bf4 g5 22. Bh2 b4 23. Qe3 Nexg4 24. hxg4 Qxh2+ 25. Kxh2 Nxg4+ 26. Kg1 Nxe3 27. Ne4 Nxf1 28. Kxf1 Bg4 29. Nxc5 Rc8 30. Nxa6 Rxc2 31. Nxb4 Rxe2 32. Rxe2 Bxe2+ 33. Kxe2 Kd7 0-1

[Event "POL-chT 1st League"]
[Site "Sypniewo"]
[Date "2022.09.07"]
[Round "5.11"]
[White "Swiatnicki, Andrzej"]
[Black "Krasiewicz, Robert"]
[Result "0-1"]
[WhiteElo "1997"]
[BlackElo "1942"]
[PlyCount "122"]
[EventDate "2022.09.03"]
[EventType "team-swiss"]
[EventRounds "9"]
[EventCountry "POL"]
[SourceTitle "CBM 210 Extra"]
[Source "ChessBase"]
[SourceDate "2022.11.30"]
[SourceVersion "1"]
[SourceVersionDate "2022.11.30"]
[SourceQuality "1"]
[WhiteTeam "Konin Hetman"]
[BlackTeam "Zielonka Zieloni"]
[WhiteTeamCountry "POL"]
[BlackTeamCountry "POL"]

1. e4 g6 2. d4 Bg7 3. Nc3 d6 4. Bc4 a6 5. a4 b6 6. Nf3 e6 7. Bg5 Ne7 8. Qd2 h6 9. Be3 Bb7 10. 0-0 Nd7 11. Ne1 Nf6 12. f3 Qd7 13. Rd1 g5 14. Nd3 Ng6 15. Qe2 Qe7 16. Nf2 0-0 17. g3 d5 18. Bd3 e5 19. dxe5 Nxe5 20. exd5 Nxd5 21. Nxd5 Bxd5 22. Bh7+ Kxh7 23. Rxd5 Rad8 24. Rfd1 Rxd5 25. Rxd5 Qb4 26. Bd4 Ng6 27. Bxg7 Kxg7 28. b3 Qc3 29. Kg2 Qc6 30. Rd4 Re8 31. Re4 Rd8 32. Nd3 Rd7 33. h3 Qc3 34. Rc4 Qf6 35. Re4 Qd6 36. h4 gxh4 37. gxh4 Qf6 38. h5 Qg5+ 39. Rg4 Qxh5 40. Qe8 Rd5 41. Qe4 Rg5 42. Qd4+ Kh7 43. Qd7 Nh4+ 44. Kf2 Rg7 45. Qxc7 Nxf3 46. Rxg7+ Kxg7 47. Nf4 Qe5 48. Qxe5+ Nxe5 49. Nd5 Nd7 50. b4 Kg6 51. c4 Kf5 52. a5 bxa5 53. c5 Ne5 54. Ke3 axb4 55. Nxb4 a5 56. Nc2 Nc6 57. Kd3 Nb4+ 58. Nxb4 axb4 59. Kc4 Ke6 60. Kxb4 h5 61. Kb5 Kd7 0-1

[Event "POL-chT 1st League"]
[Site "Sypniewo"]
[Date "2022.09.06"]
[Round "4.10"]
[White "Robak, Zbigniew"]
[Black "Swiatnicki, Andrzej"]
[Result "1/2-1/2"]
[WhiteElo "2192"]
[BlackElo "1997"]
[PlyCount "110"]
[EventDate "2022.09.03"]
[EventType "team-swiss"]
[EventRounds "9"]
[EventCountry "POL"]
[SourceTitle "CBM 210 Extra"]
[Source "ChessBase"]
[SourceDate "2022.11.30"]
[SourceVersion "1"]
[SourceVersionDate "2022.11.30"]
[SourceQuality "1"]
[WhiteTeam "Bydgoszcz Hetman"]
[BlackTeam "Konin Hetman"]
[WhiteTeamCountry "POL"]
[BlackTeamCountry "POL"]

1. d4 d5 2. Nc3 Nf6 3. Bg5 c5 4. e3 cxd4 5. Bxf6 gxf6 6. Qxd4 e6 7. 0-0-0 Nc6 8. Qh4 Be7 9. Qg3 f5 10. Nf3 a6 11. Bc4 Bd7 12. Bxd5 exd5 13. Nxd5 Kf8 14. Rd2 Rg8 15. Qf4 Rg6 16. Ne5 Nxe5 17. Qxe5 Rc8 18. Nf4 Qc7 19. Nxg6+ fxg6 20. Qh8+ Kf7 21. Qxh7+ Kf6 22. h4 Be6 23. h5 Rg8 24. hxg6 Rg7 25. Qh8 Qc8 26. Qh4+ Kxg6 27. Qd4 Bf6 28. Qb6 Qc4 29. Rd6 Rc7 30. Qb3 Qxb3 31. axb3 Bxb3 32. c3 a5 33. Kd2 a4 34. Rc1 b5 35. f3 Ra7 36. Ra1 Rh7 37. Ke2 Rh2 38. Kf2 Kf7 39. Rb6 Bc4 40. Rd1 Rh8 41. Rd7+ Kg6 42. Rdd6 Rf8 43. e4 fxe4 44. fxe4 Kg7 45. Ke3 Bg5+ 46. Kd4 Bc1 47. Rg6+ Kf7 48. Rgf6+ Ke7 49. Rxf8 Kxf8 50. Rf6+ Ke7 51. Rf2 Ke6 52. g4 Bg5 53. Rf5 Bc1 54. Rf2 Bg5 55. Rf5 Bc1 1/2-1/2

[Event "POL-chT 2nd League"]
[Site "Sypniewo"]
[Date "2021.09.11"]
[Round "8.10"]
[White "Swiatnicki, Andrzej"]
[Black "Geraschenko, Dmitry"]
[Result "1/2-1/2"]
[WhiteElo "1976"]
[BlackElo "1851"]
[PlyCount "134"]
[EventDate "2021.09.04"]
[EventType "team-swiss"]
[EventRounds "9"]
[EventCountry "POL"]
[SourceTitle "CBM 204 Extra"]
[Source "ChessBase"]
[SourceDate "2021.11.30"]
[SourceVersion "1"]
[SourceVersionDate "2021.11.30"]
[SourceQuality "1"]
[WhiteTeam "Konin Hetman"]
[BlackTeam "Kalisz KTS"]
[WhiteTeamCountry "POL"]
[BlackTeamCountry "POL"]

1. d4 d6 2. Nc3 g6 3. Bg5 c6 4. Nf3 Bg7 5. Qd2 b5 6. h3 h6 7. Bf4 Nf6 8. a3 g5 9. Bh2 Bf5 10. e3 Nbd7 11. Be2 Qb6 12. 0-0 0-0 13. Bd3 Bxd3 14. Qxd3 a5 15. Ne4 c5 16. c3 cxd4 17. cxd4 Nxe4 18. Qxe4 Rfe8 19. Rac1 Nf6 20. Qf5 b4 21. a4 Qb7 22. Rc2 b3 23. Rc3 Nd5 24. Rc4 Nb6 25. Qb5 Qa6 26. Qxa6 Rxa6 27. Rc6 Rea8 28. Ra1 Nd5 29. Rxa6 Rxa6 30. Nd2 Rb6 31. Ra3 Rc6 32. Nxb3 Rc2 33. Bg3 Rxb2 34. Nxa5 f5 35. Nb3 f4 36. exf4 gxf4 37. Bh4 Nc3 38. a5 Nb5 39. a6 Kf7 40. a7 Nxa7 41. Rxa7 Rxb3 42. Rxe7+ Kg8 43. Re4 f3 44. Be7 Rd3 45. Bxd6 Bxd4 46. Rg4+ Kf7 47. gxf3 Bxf2+ 48. Kxf2 Rxd6 49. Kg3 Rd5 50. h4 Ra5 51. Rb4 Ra6 52. Rb5 Kg6 53. h5+ Kf6 54. Kg4 Ra4+ 55. f4 Ra6 56. Rb7 Ra1 57. Rb6+ Kg7 58. Rg6+ Kh7 59. f5 Ra4+ 60. Kg3 Ra3+ 61. Kh4 Ra4+ 62. Rg4 Ra5 63. Rf4 Kg7 64. Kg4 Kf6 65. Rc4 Ra6 66. Rb4 Ra7 67. Rb2 Ra6 1/2-1/2

[Event "POL-chT 2nd League"]
[Site "Sypniewo"]
[Date "2021.09.09"]
[Round "6.3"]
[White "Swiatnicki, Andrzej"]
[Black "Stachanczyk, Jacek"]
[Result "0-1"]
[WhiteElo "1976"]
[BlackElo "2152"]
[PlyCount "104"]
[EventDate "2021.09.04"]
[EventType "team-swiss"]
[EventRounds "9"]
[EventCountry "POL"]
[SourceTitle "CBM 204 Extra"]
[Source "ChessBase"]
[SourceDate "2021.11.30"]
[SourceVersion "1"]
[SourceVersionDate "2021.11.30"]
[SourceQuality "1"]
[WhiteTeam "Konin Hetman"]
[BlackTeam "Jaworzno"]
[WhiteTeamCountry "POL"]
[BlackTeamCountry "POL"]

1. e4 c5 2. c3 Nf6 3. e5 Nd5 4. d4 cxd4 5. Qxd4 e6 6. Nf3 Nc6 7. Qe4 f5 8. exf6 Nxf6 9. Qh4 d5 10. Bd3 Bd6 11. Bg6+ Ke7 12. Bc2 e5 13. Bg5 Kf7 14. Nbd2 h6 15. Bxf6 Qxf6 16. Qxf6+ gxf6 17. 0-0-0 Be6 18. Nf1 Bc5 19. Ne3 d4 20. cxd4 Nxd4 21. Nxd4 Bxd4 22. Bb3 Rac8+ 23. Kb1 Bxb3 24. axb3 Ke6 25. g4 h5 26. Nf5 hxg4 27. Nxd4+ exd4 28. Rxd4 f5 29. Rd3 Rc7 30. f4 Re7 31. h3 Rxh3 32. Rhxh3 gxh3 33. Rxh3 Kd5 34. Rh2 Kd4 35. Rc2 Ke3 36. Rc4 Re4 37. Rc7 Rb4 38. Kc2 Kxf4 39. Kc3 Rb6 40. Rf7 a5 41. Kc4 Rb4+ 42. Kc3 Ke4 43. Re7+ Kf4 44. Rf7 b6 45. Rf8 Ke4 46. Re8+ Kf3 47. Rf8 f4 48. Rf6 Kf2 49. Re6 f3 50. Rf6 Ke2 51. Re6+ Kf1 52. Rf6 f2 0-1

[Event "POL-chT 2nd League"]
[Site "Sypniewo"]
[Date "2021.09.07"]
[Round "4.6"]
[White "Pacuszka, Tomasz"]
[Black "Swiatnicki, Andrzej"]
[Result "1-0"]
[WhiteElo "2186"]
[BlackElo "1976"]
[PlyCount "75"]
[EventDate "2021.09.04"]
[EventType "team-swiss"]
[EventRounds "9"]
[EventCountry "POL"]
[SourceTitle "CBM 204 Extra"]
[Source "ChessBase"]
[SourceDate "2021.11.30"]
[SourceVersion "1"]
[SourceVersionDate "2021.11.30"]
[SourceQuality "1"]
[WhiteTeam "Grudziadz Rotmistrz"]
[BlackTeam "Konin Hetman"]
[WhiteTeamCountry "POL"]
[BlackTeamCountry "POL"]

1. e4 e5 2. Bc4 Nf6 3. d3 d5 4. exd5 Nxd5 5. Nf3 Nc6 6. 0-0 Bg4 7. Re1 Be7 8. h3 Bh5 9. g4 Bg6 10. Nxe5 Nxe5 11. Rxe5 Nb6 12. Bb3 Kf8 13. Qf3 Bf6 14. Re1 h5 15. Kg2 hxg4 16. hxg4 Qd7 17. Rg1 Re8 18. Nc3 c6 19. Bd2 Qd6 20. Rh1 Ke7 21. a4 Nd7 22. a5 Ne5 23. Qg3 Qd7 24. g5 Rxh1 25. Rxh1 Kd8 26. gxf6 gxf6 27. Qf4 Bf5 28. Be3 Rg8+ 29. Kf1 Rg4 30. Qh6 Bxd3+ 31. Ne2 Bg6 32. c3 Qd3 33. Qf8+ Kd7 34. Rh8 Qb1+ 35. Bc1 c5 36. Qd8+ Kc6 37. Qc8+ Kd6 38. Rd8+ 1-0

[Event "POL-chT 2nd League"]
[Site "Poronin"]
[Date "2020.09.10"]
[Round "6.17"]
[White "Swiatnicki, Andrzej"]
[Black "Ziemniak, Grzegorz"]
[Result "1-0"]
[WhiteElo "2004"]
[BlackElo "1693"]
[PlyCount "93"]
[EventDate "2020.09.05"]
[EventType "team-swiss"]
[EventRounds "9"]
[EventCountry "POL"]
[SourceTitle "CBM 198 Extra"]
[Source "ChessBase"]
[SourceDate "2020.11.30"]
[SourceVersion "1"]
[SourceVersionDate "2020.11.30"]
[SourceQuality "1"]
[WhiteTeam "Konin Hetman"]
[BlackTeam "Rzeszow RzKSz"]
[WhiteTeamCountry "POL"]
[BlackTeamCountry "POL"]

1. d4 Nf6 2. Nc3 c5 3. dxc5 e6 4. Bg5 Bxc5 5. e3 d5 6. Nf3 0-0 7. Be2 b6 8. 0-0 Bb7 9. Ne5 h6 10. Bh4 Be7 11. Bf3 Nbd7 12. Nxd7 Qxd7 13. a4 a6 14. Qd4 Qc7 15. Bg3 Qc5 16. Rfd1 Rac8 17. Ne2 Rfd8 18. c3 Ne8 19. Qd2 Nd6 20. Nf4 Nc4 21. Qe2 Ne5 22. Nh5 Nxf3+ 23. Qxf3 Bf8 24. Rd4 Qe7 25. Bh4 g5 26. Nf6+ Kg7 27. Rf4 Rc4 28. Bxg5 hxg5 29. Qh5 Qxf6 30. Rxf6 Kxf6 31. f4 Ke7 32. fxg5 Bc6 33. Rf1 Be8 34. Qh8 Rg4 35. h3 Rg3 36. Qe5 Rxe3 37. Qxe3 Kd7 38. Qxb6 Rc8 39. Qxa6 Bc5+ 40. Kh1 Kd8 41. g6 fxg6 42. Qxe6 Rc6 43. Qxd5+ Kc7 44. b4 Ba7 45. Re1 Rd6 46. Qe5 Bc6 47. Rd1 1-0

[Event "POL-chT 2nd League"]
[Site "Jastrzebia Gora"]
[Date "2019.09.15"]
[Round "9.17"]
[White "Leskiewicz, Ignacy"]
[Black "Swiatnicki, Andrzej"]
[Result "1-0"]
[WhiteElo "2116"]
[BlackElo "1983"]
[PlyCount "87"]
[EventDate "2019.09.07"]
[EventType "team-swiss"]
[EventRounds "9"]
[EventCountry "POL"]
[SourceTitle "EXT 2020"]
[Source "ChessBase"]
[SourceDate "2019.10.17"]
[SourceVersion "1"]
[SourceVersionDate "2019.10.17"]
[SourceQuality "1"]
[WhiteTeam "Konin UKS Smecz"]
[BlackTeam "Konin Hetman"]
[WhiteTeamCountry "POL"]
[BlackTeamCountry "POL"]

1. e4 e5 2. Nf3 Nf6 3. Nxe5 d6 4. Nf3 Nxe4 5. Nc3 Nxc3 6. dxc3 Be7 7. Be3 Nd7 8. Qd2 c6 9. Bd3 Ne5 10. Nxe5 dxe5 11. 0-0 Be6 12. a4 0-0 13. Qe2 Re8 14. Qh5 g6 15. Qxe5 Bf6 16. Qg3 Qa5 17. Rfe1 a6 18. h4 Bf5 19. Qf4 Be5 20. Qc4 Be6 21. Qc5 Qc7 22. Qb6 Qb8 23. Bd4 Bc7 24. Qc5 Bd5 25. Bf6 Bh2+ 26. Kf1 Be5 27. Bxe5 Rxe5 28. Qd4 Rxe1+ 29. Rxe1 Qh2 30. f3 Be6 31. Kf2 c5 32. Qf6 c4 33. Rxe6 cxd3 34. Re7 Rf8 35. cxd3 b5 36. axb5 axb5 37. d4 b4 38. d5 bxc3 39. bxc3 h6 40. d6 g5 41. Qxh6 gxh4 42. Re4 Qg3+ 43. Kf1 f5 44. Re7 1-0

[Event "POL-chT 2nd League"]
[Site "Szklarska Poreba"]
[Date "2017.09.10"]
[Round "9.13"]
[White "Leskiewicz, Ignacy"]
[Black "Swiatnicki, Andrzej"]
[Result "1-0"]
[WhiteElo "1770"]
[BlackElo "2028"]
[PlyCount "60"]
[EventDate "2017.09.02"]
[EventType "team-swiss"]
[EventRounds "9"]
[EventCountry "POL"]
[SourceTitle "CBM 180 Extra"]
[Source "ChessBase"]
[SourceDate "2017.10.06"]
[SourceVersion "1"]
[SourceVersionDate "2017.10.06"]
[SourceQuality "1"]
[WhiteTeam "Konin UKS Smecz"]
[BlackTeam "Konin Hetman"]
[WhiteTeamCountry "POL"]
[BlackTeamCountry "POL"]

1. e4 c6 2. d4 d5 3. exd5 cxd5 4. c4 Nf6 5. Nc3 Nc6 6. Bg5 Bg4 7. f3 Be6 8. c5 g6 9. Bb5 Bg7 10. Nge2 0-0 11. 0-0 h6 12. Bh4 g5 13. Bf2 Bf5 14. h4 e6 15. hxg5 hxg5 16. Ng3 Bg6 17. Qd2 Nh5 18. Nxh5 Bxh5 19. Rae1 Qf6 20. Bxc6 bxc6 21. Re5 Qe7 22. Rxg5 Bg6 23. Ne2 Kh7 24. Rg4 Bf6 25. Bg3 Bf5 26. Bd6 Qd8 27. Kf2 Bxg4 28. Rh1+ Kg8 29. Qh6 Bf5 30. Bxf8 Qxf8 1-0

[Event "POL-chT 2nd League"]
[Site "Jastrzebia Gora"]
[Date "2015.09.11"]
[Round "7.69"]
[White "Swiatnicki, Andrzej"]
[Black "Chylewski, Patryk"]
[Result "1/2-1/2"]
[WhiteElo "2109"]
[BlackElo "2027"]
[PlyCount "81"]
[EventDate "2015.09.05"]
[EventType "team-swiss"]
[EventRounds "9"]
[EventCountry "POL"]
[SourceTitle "EXT 2017"]
[Source "ChessBase"]
[SourceDate "2016.10.25"]
[SourceVersion "1"]
[SourceVersionDate "2016.10.25"]
[SourceQuality "1"]
[WhiteTeam "Konin Hetman"]
[BlackTeam "Chylice KS Laura"]
[WhiteTeamCountry "POL"]
[BlackTeamCountry "POL"]

1. d4 Nf6 2. Nc3 d5 3. Bg5 Nbd7 4. Nf3 h6 5. Bxf6 Nxf6 6. e3 e6 7. a3 Be7 8. Bd3 0-0 9. 0-0 c5 10. Re1 b6 11. Ne5 Bb7 12. f4 Ne4 13. Nxe4 dxe4 14. Bf1 Qc7 15. c3 Kh7 16. Qh5 g6 17. Qh3 Kg7 18. Rad1 Rad8 19. Qg3 a6 20. Be2 Bf6 21. Rf1 Bc8 22. h4 Kh7 23. h5 g5 24. Qg4 Qb7 25. Rf2 gxf4 26. exf4 Rg8 27. Qh3 Rg7 28. Qe3 Bh4 29. g4 Bxf2+ 30. Kxf2 cxd4 31. cxd4 f6 32. Ng6 Qd5 33. Rc1 Bb7 34. Bc4 Qd7 35. Ba2 Rc8 36. Rxc8 Qxc8 37. Bxe6 Qc2+ 38. Kg3 Qd3 39. Nf8+ Kh8 40. Ng6+ Kh7 41. Nf8+ 1/2-1/2

[Event "POL-chT 2nd League"]
[Site "Jastrzebia Gora"]
[Date "2015.09.10"]
[Round "6.87"]
[White "Budnik, Mateusz"]
[Black "Swiatnicki, Andrzej"]
[Result "0-1"]
[WhiteElo "1981"]
[BlackElo "2109"]
[PlyCount "50"]
[EventDate "2015.09.05"]
[EventType "team-swiss"]
[EventRounds "9"]
[EventCountry "POL"]
[SourceTitle "EXT 2017"]
[Source "ChessBase"]
[SourceDate "2016.10.25"]
[SourceVersion "1"]
[SourceVersionDate "2016.10.25"]
[SourceQuality "1"]
[WhiteTeam "Swiecie Gambit"]
[BlackTeam "Konin Hetman"]
[WhiteTeamCountry "POL"]
[BlackTeamCountry "POL"]

1. e4 e5 2. Nf3 Nc6 3. Bb5 f5 4. Nc3 Nf6 5. d3 fxe4 6. dxe4 Bc5 7. 0-0 d6 8. Bg5 0-0 9. Nd5 Kh8 10. Nh4 Nd4 11. Bc4 b5 12. Bd3 c6 13. Nxf6 gxf6 14. Bh6 Rg8 15. c3 Bg4 16. Qd2 Nf3+ 17. Nxf3 Bxf3 18. g3 Qd7 19. Be2 Bxe4 20. Be3 Qh3 21. f3 Rxg3+ 22. hxg3 Qxg3+ 23. Kh1 Qh3+ 24. Kg1 Rg8+ 25. Kf2 Qg3# 0-1

[Event "POL-chT3 Wielkopolskie 1314"]
[Site "Poland"]
[Date "2014.01.05"]
[Round "4.10"]
[White "Swiatnicki, Andrzej"]
[Black "Strozyk, Aleksandra"]
[Result "1-0"]
[WhiteElo "2116"]
[BlackElo "1392"]
[PlyCount "81"]
[EventDate "2013.10.27"]
[EventType "team-tourn"]
[EventRounds "11"]
[EventCountry "POL"]
[SourceTitle "EXT 2015"]
[Source "ChessBase"]
[SourceDate "2014.11.20"]
[SourceVersion "1"]
[SourceVersionDate "2014.11.20"]
[SourceQuality "1"]
[WhiteTeam "Konin Hetman"]
[BlackTeam "Poznan UMKS Na Pieterku"]
[WhiteTeamCountry "POL"]
[BlackTeamCountry "POL"]

1. e4 c6 2. d4 d5 3. exd5 cxd5 4. Bd3 Nc6 5. c3 Nf6 6. h3 e6 7. Nf3 Be7 8. 0-0 0-0 9. Re1 a6 10. Nbd2 b5 11. Nf1 Qc7 12. Ng3 Bd6 13. Nf1 Bb7 14. Qe2 Rfe8 15. Ne5 b4 16. Ng3 Nd8 17. Bd2 Rc8 18. Nh5 Bxe5 19. dxe5 Nxh5 20. Qxh5 g6 21. Qh6 bxc3 22. Bg5 Qc5 23. Bf6 Qf8 24. Qg5 d4 25. h4 cxb2 26. Rad1 Rc7 27. Re2 Nc6 28. Rxb2 a5 29. Be4 Rec8 30. h5 Ba8 31. Rb6 Nb4 32. Bxa8 Rxa8 33. Rxd4 Rac8 34. hxg6 fxg6 35. Rxe6 Nc2 36. Rd1 Nb4 37. Red6 Nc6 38. Rd7 Rxd7 39. Rxd7 Qc5 40. Qh6 Qf8 41. Qxh7# 1-0

[Event "POL-chT3 Wielkopolskie 1314"]
[Site "Poland"]
[Date "2013.12.01"]
[Round "2.34"]
[White "Plonczak, Mateusz"]
[Black "Swiatnicki, Andrzej"]
[Result "0-1"]
[WhiteElo "1936"]
[BlackElo "2116"]
[PlyCount "91"]
[EventDate "2013.10.27"]
[EventType "team-tourn"]
[EventRounds "11"]
[EventCountry "POL"]
[SourceTitle "EXT 2015"]
[Source "ChessBase"]
[SourceDate "2014.11.20"]
[SourceVersion "1"]
[SourceVersionDate "2014.11.20"]
[SourceQuality "1"]
[WhiteTeam "Kornik MUKS Wieza Kornicka"]
[BlackTeam "Konin Hetman"]
[WhiteTeamCountry "POL"]
[BlackTeamCountry "POL"]

1. d4 d5 2. c4 c6 3. Nc3 Nf6 4. Nf3 Qb6 5. c5 Qc7 6. e3 Bg4 7. Be2 Nbd7 8. 0-0 e6 9. b4 Be7 10. Bb2 0-0 11. Nd2 Bxe2 12. Nxe2 Rfe8 13. Nf3 Ne4 14. Nd2 Nxd2 15. Qxd2 Nf6 16. Ng3 h5 17. f3 Rad8 18. Bc3 Rd7 19. Rfb1 h4 20. Nf1 Nh5 21. b5 Bf6 22. f4 g5 23. Ba5 Qc8 24. Qe2 Ng7 25. fxg5 Bxg5 26. Qg4 f6 27. bxc6 Qxc6 28. Rb2 Nf5 29. Rab1 Rg7 30. Qf3 Ree7 31. Kh1 Rg6 32. Be1 Reg7 33. Bf2 Nh6 34. g3 hxg3 35. Nxg3 f5 36. Nh5 Rh7 37. Bg3 Ng4 38. Nf4 Rgh6 39. Rc2 Qa6 40. Rbb2 Qa3 41. c6 bxc6 42. Rb8+ Kf7 43. Rbb2 Be7 44. Rb3 Nxh2 45. Bxh2 Rxh2+ 46. Kg1 0-1